00932nac a22002291u 4500010001600000082001400016090001500030100003400045245014900079260003600228300001900264500008400283500001500367500004100382650003500423650002800458650002500486700005300511942001600564999001500580952010700595 a 7219781000a669bV882 c3424d3424 aVolsky, A. N. 10aTheory of metallurgical processes, pyrometallurgical processesc[by] A. Volsky [and] E. Sergievskaya. Translated from the Russian by Ivan Savin. aMoscow,bMir Publishersc[1971] a360 p.c23 cm. aTranslation of Teoriiï¸ a︡ metallurgicheskikh protï¸ s︡essov. aDonations. aDonations - Bibliotheca Alexandrina. 0aNonferrous metalsxMetallurgy. 0aChemistry, Metallurgic. 0aPhysical metallurgy.1 aSergievskaiï¸ a︡, Elizaveta Maksimovna. cBBk669V882 c3424d3424 00102ddc4070aMAINbMAINc1STd2011-04-07ePurchasel0o669 VOLp000030491r2025-07-15 00:00:00yBB